zpět

Detail výsledku týmu

Minipivovar Polivar, Kopřivnice

Datum a čas kvízu

27.5 Celkem bodů Celkový počet nahraných bodů na tomto kvízu bez doplňovacích otázek.
3. Pořadí na kvízu Konečné umístění týmu na tomto kvízu.

Zaznamenané odpovědi

# Otázka Odpověď Body Výsledky
1. Jistá česká organizace působíc... Člověk v tísni 1
2. Nejstarší podzemní dráha na sv... po Alžbětě II. 0
3. Uveďte název komedie režiséra... Tři Tygři ve filmu: JACKPOT 1
4. Raketa Falcon 9 společnosti Sp... Hurvínek 0.5
5. Pořadatelé mistrovství světa v... barvy byly popsány slovně 1
6. Téma námořních katastrof snad... v dubnu 1912 0.5
7. Potopení Titaniku není, co do... v Baltském moři 0
8. Dne 6. prosince 1917 se v jedn... Halifaxský 0
9. Americká velrybářská loď Essex... Herman Melville, Bílá velryba (Moby-Dick) 1
10. Vyberte, které z následujících... A 0